Responses for show #5859 - Thursday, February 18, 2010

2009-2010 Million Dollar Celebrity Invitational quarterfinal game 6.

Contestants

Charles Shaughnessy, an actor from Mad Men

David Duchovny, an actor from Californication

Chris Matthews, a TV host from Hardball and The Chris Matthews Show

Jeopardy! Round responses

OFFICIAL STATE STUFF
THE NANNY
TV ADJECTIVES
LIFE'S A (MILITARY) CAMPAIGN
CHEERY "O"s
CALI-FUN-ICATION
    $200 1
milk

Charles
    $200 2
date

Triple Stumper
    $200 19
Desperate

Charles
    $200 25
Julius Caesar

Chris
    $200 14
olé

David
    $200 6
Nashville

Chris
    $400 7
a monarch

David
    $400 3
the nanny cam

Charles
    $400 20
Ugly

David
    $400 26
Afghanistan

Chris
    $400 15
Oktoberfest

Charles
    $400 8
(David: What is wine?)

cheese

David
Triple Stumper
    $600 12
Columbia

Triple Stumper
    $600 4
a tantrum

Charles
    $600 21
Empty

David
    $600 27
[The end-of-round signal sounds.]

Israel

Charles
    $600 16
oasis

Charles
    $600 9
(Chris: What are the Rockies?)

the Sierra Nevadas

Chris
Triple Stumper
    $800 13
a deer

David
    $800 5
Goldfish

David
    $800 23
Young & Restless (or Bold & Beautiful)

Charles
    $800 17
(Chris: What is the oboe?)
(Charles: What is the piccolo?)

an ocarina

ChrisCharles
Triple Stumper
    $800 10
San Diego

Charles
    $1000 22
mature

Charles
    $1000 24
(Charles: What is Dangerous?)
(David: What is The World's Most Dangerous?)

Deadliest

DavidCharles
Triple Stumper
    $1000 18
an oenophile

Charles
    $1000 11
the Monterey Peninsula

Chris

Scores at the first commercial break (after clue 15):

Chris David Charles
$600 $1,800 $2,400

Scores at the end of the Jeopardy! Round:

Chris David Charles
$400 $1,800 $4,800

Double Jeopardy! Round responses

THE TRUTH IS OUT THERE
HEY, MATTHEWS
AD MEN
HYPHENATES
SOUTH AMERICAN COUNTRIES
HOLY ____!
    $400 1
Pilate

David
    $400 16
the Gospel

David
    $400 11
Captain Morgan

David
    $400 21
(David: Who is Man Ray?)

Toulouse-Lautrec

DavidCharles
    $400 26
Brazil

Chris
    $400 6
mackerel

David
    $800 2
Lord Byron

Charles
    $800 17
Matthew Perry

Charles
    $800 12
Cap'n Crunch

Triple Stumper
    $800 22
Mary-Louise

Charles
    $3,600 27
Venezuela

Chris
    $800 7
Moses

Charles
    $1200 3
cinema (or film)

Charles
    $1200 18
witches

David
    $1200 13
Mr. Goodwrench

David
    $1200 23
Carol Moseley-Braun

Chris
    $1200 28
Chile

Chris
    $1200 8
the (Holy) Grail

Charles
    $1600 4
Milton

David
    $1600 19
Georgia

David
    $1600 14
Uncle Ben

David
    $1600 24
Lord Baden-Powell

Chris
    $1600 29
Bolivia

Chris
    $1600 9
Holy cow!

David
    $2,000 5
Emily Dickinson

David
    $2000 20
(David: Who is Shackleton?)

Matthew Henson

David
Triple Stumper
    $2000 15
Chef Boyardee

Triple Stumper
    $2000 25
(Charles: Who is Luc-Bresson?)
[Charles's response seems to have been an amalgamation of Cartier-Bresson and Luc Besson.]

Margaret Bourke-White

Charles
Triple Stumper
    $2000 30
Suriname

Triple Stumper
    $2000 10
the Holy See

Charles

Scores at the end of the Double Jeopardy! Round:

Chris David Charles
$10,000 $11,800 $10,800

[wagering suggestions for these scores]

Final Jeopardy! Round responses

ENTREPRENEURS
ChrisWho was Colonel Sanders
$10,000
CharlesWho was Colonel Sanders
$10,000
DavidWho is Jim Beam?
$11,800
Colonel Sanders

Final scores:

Chris David Charles
$20,000 $0 $20,800
2nd place: $25,000 to LaSalle College High School 3rd place: $25,000 to UNICEF Winner: $50,000 to the 1736 Family Crisis Center

Game dynamics:

Coryat scores:

Chris David Charles
$7,200 $11,800 $10,800
10 R
(including 1 DD),
2 W
17 R
(including 1 DD),
4 W
19 R,
3 W

Combined Coryat: $29,800

The J! Archive is created by fans, for fans. The Jeopardy! game show and all elements thereof, including but not limited to copyright and trademark thereto, are the property of Jeopardy Productions, Inc. and are protected under law. This website is not affiliated with, sponsored by, or operated by Jeopardy Productions, Inc. Join the discussion at JBoard.tv.